000 00498nam a22001697a 4500
005 20251108165311.0
008 250721s1997 xx 000 0 ara d
082 1 4 _a956.52/محم
100 1 _aالتميمي، محمد تيسير
245 1 0 _aحقيقة القدس التي يدعون /
264 1 _aعمان :
_bالمركز القومي للنشر،
_c1997.
300 _aج
650 1 7 _aتاريخ فلسطين
650 1 7 _aتاريخ القدس
942 _2ddc
_cBK
999 _c24532
_d24532